[Event "Main Vogelsberg op 15th"]
[Site "Waechtersbach"]
[Date "2021.10.03"]
[Round "4.20"]
[White "Hankel, Wolf Heinrich"]
[Black "Hegmann, Kolja"]
[Result "1-0"]
[WhiteElo "1703"]
[BlackElo "1442"]
[PlyCount "75"]
[EventDate "2021.10.01"]
[EventType "swiss"]
[EventRounds "5"]
[EventCountry "GER"]
[SourceTitle "EXT 2023"]
[Source "ChessBase"]
[SourceDate "2022.10.05"]
[SourceVersion "1"]
[SourceVersionDate "2022.10.05"]
[SourceQuality "1"]

1. Nf3 Nc6 2. g3 b6 3. Bg2 Bb7 4. 0-0 e5 5. Nxe5 Bd6 6. Nf3 Nf6 7. c4 0-0 8. Nc3 Bb4 9. Qc2 Re8 10. Re1 d5 11. cxd5 Nxd5 12. a3 Bxc3 13. dxc3 Nf6 14. Bf4 Qe7 15. Rad1 Rac8 16. Bh3 Rb8 17. b4 Rbd8 18. Rxd8 Qxd8 19. Rd1 Qb8 20. Kf1 Re7 21. Bg5 Ba6 22. c4 Ne5 23. Bxf6 gxf6 24. b5 Nxf3 25. exf3 Bc8 26. Rd8+ Kg7 27. Rxc8 Qb7 28. Qf5 Re5 29. Qg4+ Rg5 30. Qe4 Qxe4 31. fxe4 Rc5 32. Ra8 Rxc4 33. Rxa7 Rxe4 34. Rxc7 Ra4 35. Be6 Rxa3 36. Rxf7+ Kg6 37. Rb7 Ra1+ 38. Kg2 1-0

[Event "Heusenstamm Sparkassen op-B 5th"]
[Site "Heusenstamm"]
[Date "2018.11.25"]
[Round "7"]
[White "Jansen, Nora"]
[Black "Hegmann, Kolja"]
[Result "1-0"]
[WhiteElo "1433"]
[BlackElo "1614"]
[PlyCount "97"]
[EventDate "2018.11.22"]
[EventType "swiss"]
[EventRounds "7"]
[EventCountry "GER"]
[SourceTitle "CBM 187 Extra"]
[Source "ChessBase"]
[SourceDate "2018.11.04"]
[SourceVersion "1"]
[SourceVersionDate "2018.11.04"]
[SourceQuality "1"]

1. c4 Nf6 2. g3 e5 3. Bg2 d5 4. cxd5 Nxd5 5. Nc3 Nxc3 6. bxc3 Nc6 7. Rb1 Bc5 8. d3 0-0 9. Nf3 Qd6 10. Nd2 Be6 11. Ne4 Qe7 12. Nxc5 Qxc5 13. c4 Rab8 14. 0-0 a6 15. Be3 Qd6 16. Qd2 f5 17. f4 Rfd8 18. c5 Qd7 19. Qb2 exf4 20. Rxf4 Ne7 21. Rd4 Qe8 22. Rxd8 Qxd8 23. a3 h6 24. Qe5 Bd5 25. Bd4 Kf8 26. Qxg7+ Ke8 27. Qxh6 Bxg2 28. Qh8+ Kd7 29. Qxd8+ Rxd8 30. Kxg2 Kc6 31. Bf6 Re8 32. Bxe7 Rxe7 33. Kf3 b6 34. cxb6 cxb6 35. e3 b5 36. h4 a5 37. e4 fxe4+ 38. dxe4 Kc5 39. g4 b4 40. axb4+ axb4 41. Kf4 Kc4 42. g5 Kc3 43. h5 b3 44. g6 Kc2 45. Rh1 b2 46. h6 b1Q 47. Rxb1 Kxb1 48. h7 Re8 49. g7 1-0

[Event "Eschborn op"]
[Site "Eschborn"]
[Date "2018.10.06"]
[Round "4"]
[White "Hegmann, Kolja"]
[Black "Leach, Julien"]
[Result "1-0"]
[WhiteElo "1342"]
[BlackElo "1607"]
[PlyCount "109"]
[EventDate "2018.10.05"]
[EventType "swiss"]
[EventRounds "5"]
[EventCountry "GER"]
[SourceTitle "CBM 187 Extra"]
[Source "ChessBase"]
[SourceDate "2018.11.04"]
[SourceVersion "1"]
[SourceVersionDate "2018.11.04"]
[SourceQuality "1"]

1. e4 c5 2. Nf3 Nc6 3. d4 cxd4 4. Nxd4 Nf6 5. Nc3 e5 6. Nf5 d5 7. Ng3 d4 8. Nb1 Qb6 9. Bd3 Bg4 10. f3 Be6 11. 0-0 Bd6 12. Kh1 h5 13. c3 h4 14. Ne2 Nh5 15. Qe1 Kd7 16. h3 a5 17. Nd2 dxc3 18. bxc3 Qe3 19. Bc4 Qg5 20. Bxe6+ Kxe6 21. Nc4 Qf6 22. Qd1 Rhd8 23. Qb3 a4 24. Qxb7 Rac8 25. Qb5 Ne7 26. Qxa4 Bc5 27. Qb3 Kd7 28. Rd1+ Ke8 29. Rxd8+ Kxd8 30. Ba3 Bxa3 31. Nxa3 Qa6 32. Rd1+ Ke8 33. Qb5+ Qxb5 34. Nxb5 Rb8 35. a4 Nc6 36. c4 Nf6 37. Kh2 Rd8 38. Nc7+ Ke7 39. Nd5+ Ke6 40. g3 hxg3+ 41. Kxg3 Na5 42. Nc7+ Ke7 43. Rxd8 Kxd8 44. Nd5 Nxc4 45. Nxf6 gxf6 46. Kg4 Ne3+ 47. Kg3 f5 48. h4 fxe4 49. fxe4 f5 50. Kf3 f4 51. h5 Ke7 52. a5 Kf6 53. a6 Nc4 54. Nc3 Kg5 55. Nd5 1-0

[Event "Eschborn op"]
[Site "Eschborn"]
[Date "2018.10.06"]
[Round "3"]
[White "Thomas, Tobias"]
[Black "Hegmann, Kolja"]
[Result "1-0"]
[WhiteElo "1839"]
[BlackElo "1342"]
[PlyCount "53"]
[EventDate "2018.10.05"]
[EventType "swiss"]
[EventRounds "5"]
[EventCountry "GER"]
[SourceTitle "CBM 187 Extra"]
[Source "ChessBase"]
[SourceDate "2018.11.04"]
[SourceVersion "1"]
[SourceVersionDate "2018.11.04"]
[SourceQuality "1"]

1. c4 Nf6 2. g3 d5 3. Bg2 Bf5 4. cxd5 Nxd5 5. e4 Bxe4 6. Bxe4 e6 7. Nc3 Nc6 8. Nge2 Bc5 9. d4 Nxc3 10. bxc3 Bb6 11. 0-0 0-0 12. Nf4 Qe8 13. Ba3 Ne7 14. Nh5 Rb8 15. Qg4 Ng6 16. Bxg6 fxg6 17. Bxf8 Kxf8 18. Nf4 e5 19. Rae1 Qa4 20. Rxe5 Qxa2 21. Ne6+ Kg8 22. Ng5 h6 23. Ne6 g5 24. Qf5 Qa3 25. Qg6 Qe7 26. Nxg5 Qf6 27. Re8+ 1-0

[Event "Heusenstamm Sparkassen op U14 2nd"]
[Site "Heusenstamm"]
[Date "2015.11.27"]
[Round "1"]
[White "Hagner, Bennet"]
[Black "Hegmann, Kolja"]
[Result "1-0"]
[WhiteElo "1148"]
[BlackElo "783"]
[PlyCount "71"]
[EventDate "2015.11.27"]
[EventType "swiss"]
[EventRounds "5"]
[EventCountry "GER"]
[SourceTitle "EXT 2018"]
[Source "ChessBase"]
[SourceDate "2017.10.13"]
[SourceVersion "1"]
[SourceVersionDate "2017.10.13"]
[SourceQuality "1"]

1. e4 e6 2. d4 d5 3. e5 c5 4. c3 Nc6 5. Bb5 Bd7 6. Nf3 Qb6 7. Bxc6 Bxc6 8. 0-0 cxd4 9. cxd4 Bb4 10. a3 Bb5 11. axb4 Bxf1 12. Kxf1 Qxb4 13. Nc3 Ne7 14. Ra3 0-0 15. Rb3 Qc4+ 16. Kg1 b5 17. Rxb5 a6 18. Rc5 Qb4 19. b3 Qb7 20. Qc2 Nc6 21. Na4 Rac8 22. Ng5 g6 23. Qd3 Nb4 24. Qe2 Rxc5 25. Nxc5 Qc7 26. Bd2 a5 27. Qf3 Nc2 28. Qc3 Nb4 29. Nh3 Qc6 30. Qf3 Nc2 31. Qf6 Nxd4 32. Bh6 Nf5 33. Bxf8 Kxf8 34. Ng5 Nh6 35. Ncxe6+ Ke8 36. Qd8# 1-0

[Event "Heusenstamm Sparkassen op U14 2nd"]
[Site "Heusenstamm"]
[Date "2015.11.27"]
[Round "3"]
[White "Keller, Erik"]
[Black "Hegmann, Kolja"]
[Result "1-0"]
[WhiteElo "846"]
[BlackElo "783"]
[PlyCount "37"]
[EventDate "2015.11.27"]
[EventType "swiss"]
[EventRounds "5"]
[EventCountry "GER"]
[SourceTitle "EXT 2018"]
[Source "ChessBase"]
[SourceDate "2017.10.13"]
[SourceVersion "1"]
[SourceVersionDate "2017.10.13"]
[SourceQuality "1"]

1. e4 e5 2. Nf3 Nc6 3. Bc4 Bc5 4. c3 Nf6 5. d4 exd4 6. e5 Qe7 7. cxd4 Bb4+ 8. Bd2 Nxd4 9. Nxd4 0-0 10. Bxb4 Qxb4+ 11. Qd2 Qxc4 12. exf6 Re8+ 13. Ne2 g6 14. Nbc3 Qe6 15. Qf4 c6 16. 0-0 b5 17. Ne4 Qxe4 18. Qh6 g5 19. Qg7# 1-0

[Event "Heusenstamm Sparkassen op U14 2nd"]
[Site "Heusenstamm"]
[Date "2015.11.27"]
[Round "5"]
[White "Van Foreest, Tristan"]
[Black "Hegmann, Kolja"]
[Result "0-1"]
[WhiteElo "1143"]
[BlackElo "783"]
[PlyCount "148"]
[EventDate "2015.11.27"]
[EventType "swiss"]
[EventRounds "5"]
[EventCountry "GER"]
[SourceTitle "EXT 2018"]
[Source "ChessBase"]
[SourceDate "2017.10.13"]
[SourceVersion "1"]
[SourceVersionDate "2017.10.13"]
[SourceQuality "1"]

1. e4 e5 2. Nf3 Nc6 3. Nc3 Bc5 4. Bc4 Nf6 5. d3 0-0 6. Bg5 Be7 7. 0-0 d6 8. h3 a6 9. Bxf6 Bxf6 10. Nd5 b5 11. Nxf6+ Qxf6 12. Bd5 Bb7 13. Bxc6 Bxc6 14. d4 Bxe4 15. dxe5 dxe5 16. Nd2 Qg6 17. Nxe4 Qxe4 18. Re1 Qd4 19. Qxd4 exd4 20. Rad1 c5 21. Re5 Rac8 22. b3 Rfe8 23. Rd5 Red8 24. Re5 f6 25. Re6 a5 26. Ra6 Ra8 27. Rc6 Rdc8 28. Re6 Rab8 29. Ra6 Ra8 30. Rb6 b4 31. Kf1 a4 32. Ke2 axb3 33. axb3 Ra2 34. Kd3 Kf7 35. Rb7+ Kg6 36. g4 Kh6 37. f4 Re8 38. h4 Re3+ 39. Kd2 Rc3 40. Rc1 Rxb3 41. g5+ fxg5 42. hxg5+ Kg6 43. f5+ Kxf5 44. Rxg7 Rg3 45. Rxh7 Rxg5 46. Kd3 Ke5 47. Kc4 Kd6 48. Rh6+ Kc7 49. Rf1 Rxc2+ 50. Kb3 Rcg2 51. Rf7+ Kd8 52. Ra6 R5g3+ 53. Kc4 Rc3+ 54. Kb5 Ra3 55. Rb6 Ke8 56. Rc7 Ra8 57. Kxc5 Rc2+ 58. Kd6 Rd8+ 59. Rd7 Rxd7+ 60. Ke6 Rc4 61. Rb5 d3 62. Rh5 Rc6+ 63. Ke5 Rc5+ 64. Kf6 Rxh5 65. Ke6 Ra7 66. Kf6 Rh6+ 67. Kf5 d2 68. Kf4 d1Q 69. Ke4 Re7+ 70. Kf4 Rf6+ 71. Kg5 Qf3 72. Kh4 Re4+ 73. Kg5 Qg4+ 74. Kxf6 Re6# 0-1

[Event "Hessen-ch U17 op"]
[Site "Bad Homburg"]
[Date "2015.04.01"]
[Round "4"]
[White "Schubert, Dominik"]
[Black "Hegmann, Kolja"]
[Result "1-0"]
[WhiteElo "941"]
[BlackElo "784"]
[PlyCount "121"]
[EventDate "2015.03.30"]
[EventType "swiss"]
[EventRounds "7"]
[EventCountry "GER"]
[SourceTitle "EXT 2017"]
[Source "ChessBase"]
[SourceDate "2016.10.25"]
[SourceVersion "1"]
[SourceVersionDate "2016.10.25"]
[SourceQuality "1"]

1. e4 e5 2. Bc4 Nf6 3. Nf3 Nc6 4. 0-0 Bc5 5. d3 0-0 6. Bg5 Be7 7. Nc3 d6 8. Nd5 Nxd5 9. exd5 Nd4 10. Bxe7 Nxf3+ 11. Qxf3 Qxe7 12. c3 c6 13. dxc6 bxc6 14. Qxc6 Bb7 15. Qa4 Qg5 16. g3 Qf5 17. Ba6 Bd5 18. Bc4 Bb7 19. Qb5 Qf3 20. Qxb7 Qxb7 21. d4 exd4 22. cxd4 Qxb2 23. Rfd1 Qc2 24. Rac1 Qxa2 25. Bxa2 h6 26. Re1 Kh7 27. Bb1+ g6 28. Re7 Kg7 29. Rc6 Rad8 30. Rxa7 h5 31. Ba2 Kg8 32. Rcc7 Rde8 33. Rxf7 Rxf7 34. Rxf7 Kh8 35. Kf1 Ra8 36. Bd5 Ra1+ 37. Kg2 Ra5 38. Be4 Rg5 39. Rd7 h4 40. Rxd6 Kh7 41. Rd5 Rg4 42. Bf3 Rxg3+ 43. hxg3 hxg3 44. fxg3 Kg7 45. Rg5 Kf6 46. Rxg6+ Kxg6 47. Kh3 Kf5 48. g4+ Kg6 49. d5 Kf6 50. Kh4 Kf7 51. g5 Kg6 52. Be4+ Kf7 53. Kh5 Kg7 54. Bf5 Kf7 55. d6 Ke8 56. g6 Kf8 57. d7 Ke7 58. g7 Kf7 59. d8Q Kxg7 60. Qe7+ Kg8 61. Kh6 1-0